Das kostenfestsetzungsverfahren und die bundesgebührenordnung für rechtsanwälte.
Saved in:
| Corporate Author: | |
|---|---|
| Other Authors: | , , , |
| Format: | Book |
| Language: | German |
| Published: |
Berlin,
J. Schweitzer,
1959.
|
| Edition: | 16., völlig neubearb. Aufl. |
| Tags: |
Add Tag
No Tags, Be the first to tag this record!
|
| LEADER | 00989nam a2200265K 4500 | ||
|---|---|---|---|
| 001 | 005305545-4 | ||
| 005 | 20020606095253.2 | ||
| 008 | 950215s1959 gw 000 0 ger d | ||
| 035 | 0 | |a ocm51761539 | |
| 040 | |a HVL |c HVL | ||
| 110 | 1 | |a Germany (West) | |
| 245 | 1 | 4 | |a Das kostenfestsetzungsverfahren und die bundesgebührenordnung für rechtsanwälte. |
| 250 | |a 16., völlig neubearb. Aufl. |b hrsg. von P. Hofmann ... K. Schäfer ... J.A. Graf Westarp ... | ||
| 260 | |a Berlin, |b J. Schweitzer, |c 1959. | ||
| 300 | |a xi, 699 p. |c 24 cm. | ||
| 500 | |a At head of title: Willenbücher. | ||
| 690 | 9 | |a Costs |z Germany (Federal Republic, 1949- ) |5 law | |
| 690 | 9 | |a Fees |z Germany (Federal Republic, 1949- ) |5 law | |
| 690 | 9 | |a Lawyers |z Germany (Federal Republic, 1949- ) |5 law | |
| 700 | 1 | |a Hofmann, Paul, |e ed. | |
| 700 | 1 | |a Schäfer, Karl, |d 1899- |e ed. | |
| 700 | 1 | |a Westarp, Joachim Albrecht, |c graf von, |d 1900- | |
| 700 | 1 | |a Willenbücher, Heinrich, |d 1835-1907, |e ed. | |
| 988 | |a 20020608 | ||
| 906 | |0 MH | ||


